000 00429nam a22001817a 4500
003 MPLRDC
005 20220104113720.0
008 210129b ||||| |||| 00| 0 eng d
082 _a848.1 LS-28 v.1 no.1
100 _a老舍
245 _a惶惑. 上
_c
250 _a初版
260 _a
_b辅新书局
_c1987
300 _b
490 _a中国名家系列
650 _a现代别集
942 _cBK
_o848.1 LS-28 v.1 no.1
999 _c1782
_d1772